000 00579nam a2200193Ia 4500
005 20260120132034.0
008 008 260114s9999 xx 000 0 eng d
020 _a9781383032680
037 _aEBOOK
040 _aCRL
_beng
_cCRL
041 _aeng
_2eng
084 _qCRL
100 _aGiaquinto
_9934202
245 4 _aThe Search for Certainty: A Philosophical Account of Foundations of Mathematics
260 _bOxford University PressOxford University Press
_c2023
856 _uhttps://academic.oup.com/book/50203
942 _cEBOOK
999 _c1526125
_d1526125